Tottenham Hotspur Squad 2020/2021 - Statistics

General Stats
  • This quiz has been taken 63 times
    47 since last reset
  • The average score is 24 of 30
Answer Stats
Nbr Post Nationality Player % Correct
1 GK France Hugo Lloris
100%
7 LW / ST / RW South Korea Son Heung-min
100%
10 ST England Harry Kane
97%
9 RW Wales Gareth Bale
95%
33 LB / LWB / CB Wales Ben Davies
92%
6 CB / RB Colombia Davinson Sánchez
92%
15 CB / DM England Eric Dier
92%
27 RW / LW Brazil Lucas Moura
92%
18 CM / AM Argentina Giovani Lo Celso
87%
8 CM / DM England Harry Winks
87%
- Manager Portugal José Mourinho
87%
17 CM / RM France Moussa Sissoko
87%
28 CM / AM France Tanguy Ndombele
87%
20 CM / AM England Dele Alli
85%
11 LW / RW / AM Argentina Erik Lamela
85%
24 RB / RWB Ivory Coast Serge Aurier
85%
3 LB Spain Sergio Reguilón
85%
14 CB Wales Joe Rodon
79%
2 RB / RWB Ireland Matt Doherty
77%
23 LW / RW Netherlands Steven Bergwijn
77%
12 GK England Joe Hart
74%
22 GK Argentina Paulo Gazzaniga
74%
5 DM / CM Denmark Pierre-Emile Højbjerg
74%
4 CB / RB Belgium Toby Alderweireld
74%
25 LB / RB / CB England Japhet Tanganga
69%
45 ST Brazil Carlos Vinícius
67%
30 CM / RM Portugal Gedson Fernandes
64%
41 GK England Alfie Whiteman
59%
38 CB USA Cameron Carter-Vickers
49%
47 RM / FW England Jack Clarke
41%
No matching quizzes found
Score Distribution
Percent of People with Each Score
Percentile by Number Answered
Your Score History
You have not taken this quiz since the last reset